000 00814nam a22002535i 4500
001 12610
003 ES-MaACL
005 20250816063125.0
007 t|
008 950831s1995 sp ||||0| spa j
020 _a84-920-7550-3
040 _aM-BN
_bspa
_cM-BN
080 _a929 Rodríguez de Losada, José
080 _a681.11 Rodríguez de Losasda, José
100 0 _aMoreno, Roberto,
_qMoreno García
_983313
245 1 0 _aJosé Rodríguez de Losada
_b: vida y obra /
_cRoberto Moreno.
260 _aMadrid :
_bFundación Juanelo Turriano,
_c1995.
300 _a230 p :
_bil. col. y n ;
_c30 cm.
500 _aIndice.
600 0 4 _aLosada, José,
_d1797-1870
_974257
710 2 _aFundación Juanelo Turriano.
_94352
852 _aES-MaACL
_jL-19956
_bR.124910
999 _c12610
_d12610